| 000 | 00376 a2200169 4500 | ||
|---|---|---|---|
| 001 | 50046 | ||
| 020 | _a8508042671 | ||
| 040 | _cAnchieta - Bela Vista | ||
| 100 | _aRagache, Claude-Catherine | ||
| 240 | 1 | 0 |
_aA criação do mundo _lpor |
| 245 | 1 | 0 | _aA criação do mundo |
| 300 | _a47 | ||
| 362 | 0 | _a2001 | |
| 440 | 1 | _aÁtica | |
| 650 | 4 | _aLiteratura juvenil | |
| 942 | _cBK | ||
| 999 |
_c50046 _d50046 |
||